Étoile... Ou Pokémon? - Statistiques

Statistiques générales
  • Ce quiz a été pris 206 fois
  • Le résultat moyen est 18 sur 20
Statistiques - réponses
Question Réponse % Correct
Reshiram Pokémon
97%
Alakazam Pokémon
97%
Absol Pokémon
97%
Rigel Étoile
94%
Antarès Étoile
94%
Latios Pokémon
94%
Luxio Pokémon
94%
Suicune Pokémon
94%
Zacian Pokémon
91%
Xerneas Pokémon
91%
Alrescha Étoile
88%
Mizar Étoile
88%
Vildiur Étoile
88%
Kornephoros Étoile
88%
Procyon Étoile
88%
Zarude Pokémon
88%
Rastaban Étoile
81%
Céléno Étoile
81%
Baojian Pokémon
81%
Elkeïd Étoile
75%
Aucun quiz correspondant
Distribution des résultats
% des personnes avec chaque résultat
Percentile par nombre de réponses
Votre historique - résultats
Vous n’avez pas pris ce quiz